Fancy Vocabulary Quiz #2 - Statistics

General Stats
  • This quiz has been taken 72 times
    9 since last reset
  • The average score is 4 of 10
Answer Stats
Hint Answer % Correct
Overly sweet or sentimental, or relating to or resembling sugar Sa{ccharine}
67%
A type of subatomic particle that has almost no mass, and only interacts through gravity and the weak force Ne{utrino}
56%
At an opportune time, or with regard to the present topic Ap{ropos}
44%
To recover gradually after sickness, weakness, or operation Co{nvalesce}
44%
A theory or statement that can be proven true from other things proven to be true Th{eorem}
44%
Suggestive of poor health, or become pale or or sickly W{an}
44%
Something that never becomes fatigued In{defatigable}
33%
The sudden appearance of the commonplace in an otherwise elevated style; an anticlimax B{athos}
22%
Someone that is extremely skilled and accomplished Co{nsummate}
11%
An autocratic ruler Po{tentate}
11%
No matching quizzes found
Score Distribution
Percent of People with Each Score
Percentile by Number Answered
Your Score History
You have not taken this quiz since the last reset